00601nam a22001817a 450000500170000001000370001702000270005403500130008103500130009403700130010708200120012024501070013226000390023927000610027830000200033950000400035970000200039920191212124402.0 aENG-114494 B-731138 a9788178442273c1495.00 aEN-98026 aB-731138 bDBAD/PUB a303.954 aSocial movements and state in new global era / cedited by Kamlesh Gupta ; foreworded by Krishna Gupta aNew Delhi bK.K. Publicationc2015 a4806/24, Bharatram Road, Daryaganj, bNew Delhi e110002 a426p.c23cm(Hb) aIncludes bibliographical references aGupta, Kamlesh